| 000 | 00630nam a22002057a 4500 | ||
|---|---|---|---|
| 999 |
_c11551 _d11551 |
||
| 003 | AR-CdUCM | ||
| 008 | 190404b ||||| |||| 00| 0 spa d | ||
| 040 |
_aMUNICIPALIDAD PROVINCIAL DEL CUSCO _cBIBLIOTECA MUNICIPAL DEL CUSCO |
||
| 082 |
_aC / 869.56 / _bB61P |
||
| 100 |
_aBlanco, Luchy _928969 |
||
| 245 |
_aPoemario de Navarro del Águila Víctor : _bObra póstuma / |
||
| 260 |
_aCusco : _c1945. |
||
| 300 |
_a85 páginas _c16 cm. |
||
| 505 | _aContenido: Poemas. | ||
| 650 |
_aLiteratura Peruana _9132 |
||
| 650 |
_aPoesía Cusqueña _92323 |
||
| 650 |
_aSiglo XX _98 |
||
| 942 |
_2ddc _cLIBROS |
||
| 945 |
_aachl _d2019-04-04 |
||